Matsumoto Shigeharu : (Record no. 57134)
[ view plain ]
| 000 -LEADER | |
|---|---|
| fixed length control field | 01417nam a2200409 a 4500 |
| 001 - CONTROL NUMBER | |
| control field | 57134 |
| 003 - CONTROL NUMBER IDENTIFIER | |
| rucl marc code | BD-RjUL |
| 005 - DATE AND TIME OF LATEST TRANSACTION | |
| control field | 20211209080454.0 |
| 008 - FIXED-LENGTH DATA ELEMENTS--GENERAL INFORMATION | |
| fixed length control field | 161206s2012 ja ac 001 0beng d |
| 020 ## - INTERNATIONAL STANDARD BOOK NUMBER | |
| International Standard Book Number | 9784924971332 |
| International Standard Book Number | 4924971332 |
| 035 ## - SYSTEM CONTROL NUMBER | |
| System control number | (BD-RjUL)57258 |
| 040 ## - CATALOGING SOURCE | |
| Original cataloging agency | IDU |
| Transcribing agency | IDU |
| Modifying agency | UAB |
| -- | BD-RjUL |
| Language of cataloging | eng |
| 041 1# - LANGUAGE CODE | |
| Language code of text/sound track or separate title | eng |
| Language code of original | jpn |
| 082 ## - DEWEY DECIMAL CLASSIFICATION NUMBER | |
| Edition number | 23 |
| Classification number | 070444092 |
| Author mark and year | JUM 2012 |
| 090 ## - LOCALLY ASSIGNED LC-TYPE CALL NUMBER (OCLC); LOCAL CALL NUMBER (OCLC) | |
| Classification number (OCLC) (R) ; Classification number, CALL (RLIN) (NR) | DS890.M442 |
| Local cutter number (OCLC) ; Book number/undivided call number, CALL (RLIN) | K3513 2012 |
| 100 1# - MAIN ENTRY--PERSONAL NAME | |
| Personal name | Jun, Kaimai, |
| Dates associated with a name | 1957- |
| 9 (RLIN) | 169714 |
| 245 10 - TITLE STATEMENT | |
| Title | Matsumoto Shigeharu : |
| Remainder of title | bearing witness / |
| Statement of responsibility, etc. | Kaimai Jun ; English adaptation by Waku Miller. |
| 246 10 - VARYING FORM OF TITLE | |
| Title proper/short title | Bearing witness |
| 250 ## - EDITION STATEMENT | |
| Edition statement | 1st English ed. |
| 260 ## - PUBLICATION, DISTRIBUTION, ETC. (IMPRINT) | |
| Place of publication, distribution, etc. | Tokyo : |
| Name of publisher, distributor, etc. | International House of Japan, |
| Date of publication, distribution, etc. | 2012. |
| 300 ## - PHYSICAL DESCRIPTION | |
| Pagination | xviii, 219 p. : |
| Illustrations | ill. ; |
| Size | 24 cm. |
| 490 1# - SERIES STATEMENT | |
| Series statement | LTCB international library selection ; no. 31 |
| 500 ## - GENERAL NOTE | |
| General note | Includes index. |
| 600 10 - SUBJECT ADDED ENTRY--PERSONAL NAME | |
| Personal name | Matsumoto, Shigeharu, |
| Dates associated with a name | 1899-1989. |
| 610 20 - SUBJECT ADDED ENTRY--CORPORATE NAME | |
| Corporate name or jurisdiction name as entry element | D�omei Ts�ushinsha. |
| 650 #0 - SUBJECT ADDED ENTRY--TOPICAL TERM | |
| Topical term or geographic name as entry element | Liberals |
| Geographic subdivision | Japan |
| Form subdivision | Biography. |
| 9 (RLIN) | 169717 |
| Topical term or geographic name as entry element | Journalists |
| Geographic subdivision | Japan |
| Form subdivision | Biography. |
| 9 (RLIN) | 169718 |
| 700 1# - ADDED ENTRY--PERSONAL NAME | |
| Personal name | Miller, Waku. |
| 830 #0 - SERIES ADDED ENTRY--UNIFORM TITLE | |
| Uniform title | LTCB international library selection ; |
| Volume number/sequential designation | no. 31. |
| 880 1# - ALTERNATE GRAPHIC REPRESENTATION | |
| Linkage | 100-01 |
| a | $1!^S!PV!Hm(B, |
| d | 1957- |
| Linkage | 240-02 |
| a | $1!D-!Ci!]:!G492F(B. |
| l | English |
| Linkage | 600-03 |
| a | $1!D-!Ci!]:!G4(B, |
| d | 1899-1989. |
| Linkage | 610-04 |
| a | $1!5C!M;!\(!1W!Na(B. |
| 942 ## - ADDED ENTRY ELEMENTS (KOHA) | |
| Source of classification or shelving scheme | Dewey Decimal Classification |
| Koha item type | Books |
| Lost status | Source of classification or shelving scheme | Damaged status | Not for loan | Collection code | Permanent Location | Current Location | Shelving location | Date acquired | Total Checkouts | Full call number | Date last seen | Copy number | Koha item type |
|---|---|---|---|---|---|---|---|---|---|---|---|---|---|
| Dewey Decimal Classification | Not For Loan | Non-fiction | Central Library, University of Rajshahi | Central Library, University of Rajshahi | Reading Room | 070.444092 JUM 2012 | 06/12/2016 | C-1 | Books |